Score 0/8 Timer 02:00
1 Play Today
% Correct
Yale
75.7%
MIT
72.8%
Rutgers
65.5%
Dartmouth
65.4%
Princeton
60.1%
Harvard
58.4%
William & Mary
45.6%
Cornell
32.4%

You're not logged in!

Compare scores with friends on all Sporcle quizzes.
OR
Log In

Sporcle TV

Today on Sporcle TV


Watch our educational content, quiz creation guides, and fun videos on Sporcle TV.

Show Comments

Extras

Top Quizzes Today


Score Distribution

Paid Content

Your Account Isn't Verified!

In order to create a playlist on Sporcle, you need to verify the email address you used during registration. Go to your Sporcle Settings to finish the process.

Report this User

Report this user for behavior that violates our Community Guidelines.

Details: